Membre (actuels) du collectif Lyonzon en 1 minute - Statistiques

Statistiques générales
  • Ce quiz a été pris 196 fois
  • Le résultat moyen est 6 sur 8
Statistiques - réponses
Membres % Correct
Ashe 22
96%
KPRI
90%
Bushi
84%
Gouap
81%
Mini RTT
78%
Jolly
61%
Noma RTT
61%
Mussy
57%
Aucun quiz correspondant
Distribution des résultats
% des personnes avec chaque résultat
Percentile par nombre de réponses
Votre historique - résultats
Vous n’avez pas pris ce quiz